Republic of Congo : Report on Progress Toward Meeting the Completion Point Triggers Under the Enhanced Heavily Indebted Poor Countries Initiative.

This paper discusses the Republic of Congo's enhanced Heavily Indebted Poor Countries (HIPC) initiative. If the Republic of Congo is to effectively use the resources generated by the oil windfall to reduce poverty and ensure sustainable and equitable growth, improved prioritization of public in...

Descripció completa

Dades bibliogràfiques
Autor corporatiu: International Monetary Fund
Format: Revista
Idioma:English
Publicat: Washington, D.C. : International Monetary Fund, 2007.
Col·lecció:IMF Staff Country Reports; Country Report ; No. 2007/215
Accés en línia:Full text available on IMF
LEADER 01643cas a2200241 a 4500
001 AALejournalIMF009409
008 230101c9999 xx r poo 0 0eng d
020 |c 5.00 USD 
020 |z 9781451808650 
022 |a 1934-7685 
040 |a BD-DhAAL  |c BD-DhAAL 
110 2 |a International Monetary Fund. 
245 1 0 |a Republic of Congo :   |b Report on Progress Toward Meeting the Completion Point Triggers Under the Enhanced Heavily Indebted Poor Countries Initiative. 
264 1 |a Washington, D.C. :  |b International Monetary Fund,  |c 2007. 
300 |a 1 online resource (37 pages) 
490 1 |a IMF Staff Country Reports 
500 |a <strong>Off-Campus Access:</strong> No User ID or Password Required 
500 |a <strong>On-Campus Access:</strong> No User ID or Password Required 
506 |a Electronic access restricted to authorized BRAC University faculty, staff and students 
520 3 |a This paper discusses the Republic of Congo's enhanced Heavily Indebted Poor Countries (HIPC) initiative. If the Republic of Congo is to effectively use the resources generated by the oil windfall to reduce poverty and ensure sustainable and equitable growth, improved prioritization of public investment resources and improved project management practices are required. The establishment of institutional structures to monitor reforms is a key test of the resolve of the government to meet the HIPC triggers. 
538 |a Mode of access: Internet 
830 0 |a IMF Staff Country Reports; Country Report ;  |v No. 2007/215 
856 4 0 |z Full text available on IMF  |u http://elibrary.imf.org/view/journals/002/2007/215/002.2007.issue-215-en.xml  |z IMF e-Library